Los arabismos en el léxico andaluz (Record no. 70904)

MARC details
000 -LEADER
campo de control de longitud fija 00670nam a2200181 i 4500
001 - NÚMERO DE CONTROL
campo de control 70904
003 - IDENTIFICADOR DE NÚMERO DE CONTROL
campo de control ES-MaACL
007 - CAMPO FIJO DE DESCRIPCIÓN FÍSICA--INFORMACIÓN GENERAL
campo de control de longitud fija t|
008 - DATOS DE LONGITUD FIJA--INFORMACIÓN GENERAL
campo de control de longitud fija 040804s1983 sp ||||1| spa d
100 1# - ENTRADA PRINCIPAL--NOMBRE DE PERSONA
Nombre de persona Garulo, Teresa.
9 (RLIN) 55798
245 14 - MENCIÓN DEL TÍTULO
Título Los arabismos en el léxico andaluz
Resto del título : (según los datos del Atlas lingüístico y Etnográfico de Andalucia) /
Mención de responsabilidad, etc. Teresa Garulo.
260 ## - PUBLICACIÓN, DISTRIBUCIÓN, ETC.
Lugar de publicación, distribución, etc. [Córdoba :
Nombre del editor, distribuidor, etc. Diputación Provincial de Córdoba, Instituto Hispano-Arabe de Cultura,
Fecha de publicación, distribución, etc. 1983]
300 ## - DESCRIPCIÓN FÍSICA
Extensión 320 p., 84 lám. ;
Dimensiones 24 cm.
490 1# - MENCIÓN DE SERIE
Mención de serie Estudios cordobeses ;
Designación de volumen o secuencia 29
830 0# - PUNTO DE ACCESO ADICIONAL DE SERIE-TÍTULO UNIFORME
Título uniforme Estudios cordobeses ;
Designación de volumen o secuencia 29
9 (RLIN) 182336
852 ## - LOCALIZACIÓN
Ubicación ES-MaACL
Número de control de estantería L-5571
Sublocalización o colección R.106125
Holdings
Estatus retirado Estado de pérdida Estado de daño No para préstamo Biblioteca de origen Biblioteca actual Ubicación en estantería Fecha de adquisición Fuente de adquisición Total de préstamos Signatura topográfica completa Código de barras Visto por última vez Precio de reemplazo Tipo de ítem Koha
        Biblioteca del Ateneo de Madrid Biblioteca del Ateneo de Madrid Depósito 2 17/01/2008     L-5571 1074250 23/02/2023 23/02/2023 Libro impreso